Roles and uses of risk-free assets

Bezrizikové výmenné kurzy a majetok nimi ohodnotený. Bezpečná investícia do penzie alebo využitie využitie investičného sprievodcu pre kvantifikáciu rizika. Diskrepancia medzi možnosťami investície spôsobuje nerovnováhu na finančných trhoch. Porovnanie rizika v nemeckých dlhopisoch a nočných indexov...

Descrizione completa

Salvato in:
Dettagli Bibliografici
Autore principale: Gertler, Ľubomíra, 1977-
Natura: Capitolo di libro
Lingua:inglese
Soggetti:
Tags: Aggiungi Tag
Nessun Tag, puoi essere il primo ad aggiungerne!!

MARC

LEADER 00000naa a2200000 4500
001 0198201
005 20240502073340.6
041 0 |a eng 
044 |a SK 
245 1 0 |a Roles and uses of risk-free assets  |c Ľubomíra Gertler 
520 |a Bezrizikové výmenné kurzy a majetok nimi ohodnotený. Bezpečná investícia do penzie alebo využitie využitie investičného sprievodcu pre kvantifikáciu rizika. Diskrepancia medzi možnosťami investície spôsobuje nerovnováhu na finančných trhoch. Porovnanie rizika v nemeckých dlhopisoch a nočných indexových swapov. Prah bezpečnosti (safety threshold). 
610 2 0 |a riziko kurzové 
610 2 0 |a dlhopisy štátne 
610 2 0 |a swap 
610 2 0 |a indexy 
610 2 0 |a nerovnováha trhová 
610 2 0 |a trh finančný 
100 1 |a Gertler, Ľubomíra, 1977-